| 000 | 00579nam a2200193 4500 | ||
|---|---|---|---|
| 003 | OSt | ||
| 005 | 20240621021914.0 | ||
| 006 | a | ||
| 008 | 240621b |||||||| |||| 00| 0 eng d | ||
| 020 | _a9788172454784 | ||
| 040 |
_aDWCL-Main lib. _cOC |
||
| 082 | _aCirc. 721.822 G657 2011 | ||
| 245 | _aGoodwill’s designer grills for doors & shutters / | ||
| 260 |
_aNew Delhi : _bGoodwill Pub. House, _cc2011. |
||
| 300 |
_b80 p. : ill. ; _c25 cm. |
||
| 650 | _a1. Doors-Architectural details. | ||
| 650 | _a2. Doors-Design and construction. | ||
| 942 |
_2ddc _n0 _cBK-CIRC _kCirc. |
||
| 999 |
_c1046 _d1046 |
||